| 000 | 00765cam a22002538a 4500 | ||
|---|---|---|---|
| 001 | 13695547 | ||
| 005 | 20170105102917.0 | ||
| 008 | 030605r20032002enk 000 0 eng | ||
| 015 | _aGBA3-V5322 | ||
| 020 | _a1903933218 | ||
| 035 | _a(OCoLC)ocm52784988 | ||
| 040 |
_aUKM _cUKM _dDLC |
||
| 082 | 0 | 4 |
_a320.53309409051 _221 |
| 100 | 1 | _aRoxburgh, Angus. | |
| 245 | 1 | 0 |
_aPreachers of hate : _bthe rise of the far right / _cAngus Roxburgh. |
| 260 |
_aLondon : _bGibson Square, _c2003. |
||
| 300 | _a312 p. | ||
| 500 | _aOriginally published: 2002. | ||
| 650 | 0 |
_aRight-wing extremists _zEurope. |
|
| 651 | 0 |
_aEurope _xPolitics and government _y1989- |
|
| 906 |
_a0 _bibc _ccopycat _d1 _encip _f20 _gy-gencatlg |
||
| 942 |
_2ddc _cBK |
||
| 999 |
_c15398 _d15398 |
||